00611cam a22002053a 450000100060000000300060000600500170001200800410002904000150007004200070008505000070009210000480009924500660014726000290021350600300024251600200027265300420029283000290033485600420036313168PGUSA20140828083302.0040813s2004||||xxu|||||s|||||000 1 eng d aPGUSAbeng adc 4aPZ1 aDimock, A. W.q(Anthony Weston),d1842-191810aDick in the Evergladesh[electronic resource] /cA. W. Dimock bProject Gutenberg,c2004 aPublic domain in the USA. aElectronic text aEverglades (Fla.) -- Juvenile fiction 0aProject Gutenbergv1316840uhttp://www.gutenberg.org/ebooks/13168